000 00247nam a2200097Ia 4500
001 1076296
005 20250827002254.0
008 250824s9999 xx 000 0 und d
245 0 _aUFUKLARDAKİ AYETLER
_cMICHAEL SUGICH
260 _bKETEBE YAYINLARI
999 _c1076296
_d1076296